000 00458nam a22001697a 4500
999 _c478505
_d478505
003 NUST
005 20180601062204.0
008 180601b ||||| |||| 00| 0 eng d
020 _a9789699325205
038 _aSNS Library
082 _a530.12
100 _aMujahid Kamran
_910726
245 _aRelativistic Quantum Mechanics
_cAn Easy Introduction
260 _aPakistan
_bUniversity of Punjab Press
_c2014
300 _a277 p.
_bpb.
942 _2ddc
_cBK